Largest Cities in Maharashtra-Sudden Death - Statistics

General Stats
  • This quiz has been taken 21 times
  • The average score is 10 of 16
Answers on the Grid
Answers color-coded by a green-red scale on the quiz's grid according to % correct below.
Bhiwandi
Vasai-Virar
Vapi
Kalyan-Dombivali
Mumbai
Pune
Silvassa
Jalna
Sendhwa
Bhusawal
Seoni
Vadodara
Valsad
Pimpri-Chinchwad
Akola
Nanded
Nagpur
Sagar
Satara
Ratna
Latur
Beed
Parbhani
Aurangabad
 
Answer Stats
Answer % Correct
Mumbai
84%
Pune
84%
Nagpur
74%
Aurangabad
63%
Bhiwandi
63%
Kalyan-Dombivali
63%
Nanded
63%
Akola
58%
Pimpri-Chinchwad
58%
Vasai-Virar
58%
Jalna
53%
Satara
53%
Beed
47%
Bhusawal
47%
Latur
47%
Parbhani
47%
No matching quizzes found
Score Distribution
Percent of People with Each Score
Percentile by Number Answered
Your Score History
You have not taken this quiz